| 000 | 00522cam a22002051 4500 | ||
|---|---|---|---|
| 001 | sa 67005738 | ||
| 003 | DLC | ||
| 005 | 20260227112400.0 | ||
| 008 | 891005s1966 xx 000 0 malo | ||
| 010 | _asa 67005738 | ||
| 035 | _a(OCoLC)20445074 | ||
| 040 |
_aDLC _cWaU _dDLC |
||
| 042 | _apremarc | ||
| 050 | 0 | 0 |
_aPL4718.9.G42 _bE5 |
| 100 | 1 | _aGeorge, Manakkunnel. | |
| 245 | 1 | 0 | _aEnr̲e maṇṇȧ ; enr̲e makan. |
| 260 |
_a[n. p.] _bD. Kuthiathode, _c1966. |
||
| 300 |
_a136 p. _c19 cm. |
||
| 500 | _aIn Malayalam. | ||
| 999 |
_c75410 _d75410 |
||